Diccionario de psicología social y de la personalidad /

Guardat en:
Dades bibliogràfiques
Altres autors: Harré, Rom (dir.) Conductor, Lamb, Roger (dirección) (dirección)
Format: Llibre
Idioma:espanyol
Publicat: Barcelona, España : Paidós, 1992, c1992
Col·lecció:(Diccionarios de Rom Harré y Roger Lamb)
Matèries:
Etiquetes: Afegir etiqueta
Sense etiquetes, Sigues el primer a etiquetar aquest registre!

MARC

LEADER 00000nam^a2200000^a^4500
001 000109734
005 20250521000000.0
009 20260526122457.902
020 |a 84-7509-750-2 
037 |a Acervo ITESO - Biblioteca 
041 |a ESP 
082 |a 302.  |b HAR 
100 |a Harré, Rom  |e (dir.) 
245 1 0 |a Diccionario de psicología social y de la personalidad /  |c Dir. de R. Harré, R. Lamb ; tr. por Jorge Piatigorsky. 
264 4 |a Barcelona, España :  |b Paidós,  |c 1992, c1992 
300 |a 457 p. 
336 |a texto  |b txt  |2 rdacontenido 
337 |a sin mediación  |b n  |2 rdamedio 
338 |a volumen  |b nc  |2 rdasoporte 
440 1 |a (Diccionarios de Rom Harré y Roger Lamb) 
649 |a XX 
650 |a Psicología Social -  |x Enciclopedias y Diccionarios 
650 |a Personalidad -  |x Enciclopedias y Diccionarios 
650 |a Psicología Diferencial -  |x Enciclopedias y Diccionarios 
650 |a Enciclopedias y Diccionarios 
700 |a Lamb, Roger  |e (dirección) 
910 |a Fondo General 
920 |a Impresos - Libros 
930 |a Obras de Referencia 
905 |a 102 
901 |a 0500046492  |b IT2  |c REF  |u 20250521 
902 |a https://opac.biblio.iteso.mx/vufind/Record/000109734